[Event "Laval op"]
[Site "Laval"]
[Date "2024.06.21"]
[Round "1"]
[White "Berube, Antoine"]
[Black "Beaupre, Eugene Jr"]
[Result "1-0"]
[WhiteElo "2224"]
[BlackElo "1944"]
[PlyCount "47"]
[EventDate "2024.06.21"]
[EventType "swiss"]
[EventRounds "5"]
[EventCountry "CAN"]
[SourceTitle "CBM 221 Extra"]
[Source "ChessBase"]
[SourceDate "2024.09.30"]
[SourceVersion "1"]
[SourceVersionDate "2024.09.30"]
[SourceQuality "1"]

1. d4 Nf6 2. c4 g6 3. Nc3 Bg7 4. e4 d6 5. h4 0-0 6. Be2 e5 7. d5 Na6 8. h5 Nc5 9. h6 Bh8 10. Bg5 a5 11. f3 Bd7 12. g4 a4 13. Nh3 Qb8 14. Nf2 c6 15. Qd2 Rc8 16. Nd3 b5 17. Nxc5 dxc5 18. dxc6 Bxc6 19. cxb5 Rd8 20. Qe3 Bb7 21. Qxc5 Nd7 22. Qe7 Qc7 23. Rd1 a3 24. b6 1-0